The myth of mental illness: foundations of a theory of personal conduct /

Bibliographic Details
Main Author: Szasz, Thomas, 1920-2012
Format: Book
Language:English
Published: New York : Harper & Row, [1974]
Edition:Rev. ed.
Subjects:

MARC

Tag First Indicator Second Indicator Subfields
LEADER 00000pam a2200000 4500
001 in00000339713
005 20151011052010.0
008 740304s1974 nyu b 00110 eng
010 |a  73014296  
020 |a 0060141964 
035 |a (OCoLC)00904183 
035 |9 ABL1695AM 
040 |a DLC  |c DLC  |d TXA  |d UtOrBLW 
049 |a TXAM  |c [1416698] 
050 0 0 |a RC437.5  |b .S9 1974 
082 0 |a 616.8/9/07 
100 1 |a Szasz, Thomas,  |d 1920-2012. 
245 1 4 |a The myth of mental illness: foundations of a theory of personal conduct /  |c by Thomas S. Szasz. 
250 |a Rev. ed. 
264 1 |a New York :  |b Harper & Row,  |c [1974] 
300 |a xvi, 297 pages ;  |c 22 cm. 
336 |a text  |b txt  |2 rdacontent 
337 |a unmediated  |b n  |2 rdamedia 
338 |a volume  |b nc  |2 rdacarrier 
504 |a Bibliography: pages 281-292. 
650 0 |a Psychiatry  |x Philosophy. 
650 0 |a Mental illness. 
650 0 |a Hysteria. 
999 |a MARS 
999 f f |s 7ef72846-1a55-3931-a562-b66b9cd8da43  |i 9169c410-4455-3d5c-836f-aec83b06112e  |t 0 
952 f f |p ric  |a Texas A&M University  |b Rellis Campus  |c Joint Library Facility  |d Remote Storage  |t 0  |e RC437.5 .S9 1974  |h Library of Congress classification  |i unmediated -- volume  |m A14826786859 
998 f f |a RC437.5 .S9 1974  |t 0  |l Remote Storage